000 00574nam a2200169 i 4500
001 30504
003 ES-MaACL
005 20230906154215.0
007 t|
008 030124s1892 fr ||||1| fre d
100 1 _aBarthelemy Saint-Hilaire, Jules.
_926123
245 1 0 _aTraduction generale d'Aristote
_b: table alphabétique des matières /
_cpar Jules Barthelemy Saint-Hilaire.
260 _aParís :
_bFélix Alcan,
_c1892 (
_fChartres-Durand)
300 _a2 v. ;
_c24 cm.
600 0 4 _aAristóteles-
_xCrítica e interpretación.
_922862
852 _aES-MaACL
_jF-8735-36
999 _c30504
_d30504